Chanteurs et groupes - Statistiques

Statistiques générales
  • Ce quiz a été pris 497 fois
  • Le résultat moyen est 18 sur 50
Statistiques - réponses
Artistes Groupes % Correct
Jean-Louis Aubert Téléphone
93%
Freddie Mercury Queen
88%
Mick Jagger The Rolling Stones
87%
John Lennon The Beatles
80%
Sting Police
74%
Bono U2
74%
Nicola Sirkis Indochine
73%
Catherine Ringer Les Rita Mitsouko
69%
Maître Gims Sexion d'Assaut
65%
Phil Collins Genesis
60%
Bertrand Cantat Noir Désir
60%
Gaëtan Roussel Louise Attaque
58%
George Michael Wham
58%
Akhenaton Iam
56%
Beyoncé Destiny's Child
50%
Fergie Black Eyed Peas
49%
Eddy Mitchell Les Chaussettes Noires
47%
Axl Rose Guns n' Roses
42%
Manu Chao La Mano Negra
39%
Annie Lennox Eurythmics
35%
Gwen Stefani No Doubt
35%
Robert Plant Led Zeppelin
31%
Diana Ross The Supremes
30%
Soprano Psy 4 de la Rime
28%
Joëlle Il était une fois
26%
Dick Rivers Les Chats Sauvages
26%
M Pokora Linkup
24%
Robbie Williams Take That
24%
Muriel Moreno Niagara
23%
Jocelyne Béroard Kassav'
21%
Bernie Bonvoisin Trust
21%
Ozzy Osbourne Black Sabbath
20%
Lou Reed The Velvet Underground
20%
Debbie Harry Blondie
19%
Justin Timberlake *Nsync
18%
Adrien Gallo BB Brunes
17%
Jean-Jacques Goldman Taï Phong
17%
Jimmy Somerville ( 1er groupe ) Bronski Beat
15%
Calogero Les Charts
15%
Iggy Pop The Stooges
15%
Mokobé 113
13%
Gérard Blanc Martin Circus
13%
Simon Le Bon Duran Duran
11%
Joëlle Ursull Zouk Machine
11%
Rachid Taha Carte de Séjour
10%
Peter Kingsberry Cock Robin
9%
Daniel Darc Taxi Girl
9%
Lionel Richie Commodores
8%
Hubert Mounier L'Affaire Louis' Trio
6%
Roland Orzabal Tears For Fears
5%
Aucun quiz correspondant
Distribution des résultats
% des personnes avec chaque résultat
Percentile par nombre de réponses
Votre historique - résultats
Vous n’avez pas pris ce quiz